000 00566nam a2200217Ia 4500
005 20251020182612.0
008 200515s9999 xx 000 0 und d
082 _aSC/69.025/A49/1994
110 _aAmerican Society Testing and Materials
245 0 _aConstruction : Road and Paving Material : Paving Management Technologies
260 _aPhiladelphia
260 _c1994
300 _a842
650 _aASFALTOS
650 _aASTM
650 _aCARRETERAS
650 _aMATERIALES BITUMINOSOS
650 _aNORMAS
650 _aPAVIMENTOS
942 _cLIB
999 _c3393
_d3393